Catàleg del Col·legi de Periodistes de Catalunya

Periodisme freelance (Registre núm. 7257)

000 -CABECERA
Longitud fija campo de control 01029nam a22002297a 4500
003 - IDENTIFICADOR DEL NÚMERO DE CONTROL
Identificador del número de control OSt
005 - FECHA Y HORA DE LA ÚLTIMA TRANSACCIÓN
Fecha y hora de la última transacción 20191106154210.0
008 - CÓDIGOS DE INFORMACIÓN DE LONGITUD FIJA
Códigos de información de longitud fija 191106s2018 sp a | |||| 000 0 cat d
017 ## - NÚMERO DE COPYRIGHT O DE DEPÓSITO LEGAL
Número de copyright o de depósito legal V 1703-2018
040 ## - FUENTE DE LA CATALOGACIÓN
Centro catalogador de origen SpMaBN
Lengua de catalogación cat
Centro transcriptor CDMR
130 0# - PUNTO DE ACCESO PRINCIPAL-TÍTULO UNIFORME
Título uniforme Periodisme freelance
245 10 - MENCIÓN DE TÍTULO
Título Periodisme freelance
Resto del título : guia per al professional autònom i Informe de situació del sector 2018
Mención de responsabilidad, etc. una publicació d'Unió de Periodistes Valencians ; redacció, IV Beca Emili Gisbert Lorena Ortega Plaza ; traducció, Roger Sarrià
260 ## - PUBLICACIÓN, DISTRIBUCIÓN, ETC. (PIE DE IMPRENTA)
Lugar de publicación, distribución, etc. [Valencia] :
Nombre del editor, distribuidor, etc. Unió de Periodistes Valencians,
Fecha de publicación, distribución, etc. [2018]
300 ## - DESCRIPCIÓN FÍSICA
Extensión 115, 113 p.
Otras características físicas il
Dimensiones 30 cm
504 ## - NOTA DE BIBLIOGRAFÍA, ETC
Nota de bibliografía, etc. Inclou referències bibliogràfiques
546 ## - NOTA DE LENGUA
Nota de lengua Text en castellà i valencià
650 #4 - PUNTO DE ACCESO ADICIONAL DE MATERIA - TÉRMINO DE MATERIA
Término de materia o nombre geográfico como elemento inicial Periodisme
Subdivisión de materia general Orientació professional
9 (RLIN) 382
650 #4 - PUNTO DE ACCESO ADICIONAL DE MATERIA - TÉRMINO DE MATERIA
Término de materia o nombre geográfico como elemento inicial Relacions laborals
Subdivisión de materia general Periodisme
9 (RLIN) 3492
710 2# - PUNTO DE ACCESO ADICIONAL - NOMBRE DE ENTIDAD
Nombre de entidad o nombre de jurisdicción como elemento inicial Unió de Periodistes Valencians
856 ## - LOCALIZACIÓN Y ACCESO ELECTRÓNICO
Identificador Uniforme del Recurso (URI) <a href="http://www.unioperiodistes.org/wp-content/uploads/2018/06/dossier1-upv-val-dg.pdf">http://www.unioperiodistes.org/wp-content/uploads/2018/06/dossier1-upv-val-dg.pdf</a>
Texto del enlace Disponible en línia
Nota pública (Accés lliure)
942 ## - ENTRADA DE ELEMENTOS AGREGADOS (KOHA)
Koha [por defecto] tipo de item Llibres electrònics
Fons
Suprimido Perdido Estropeado No para pr&eacute;stamo Localizaci&oacute;n permanente Localizaci&oacute;n actual Fecha adquisici&oacute;n Fuente de adquisici&oacute;n C&oacute;digo de barras Fecha &uacute;ltima consulta Fecha del precio de reemplazo Tipo de item de Koha
        Centre de Documentació Montserrat Roig Centre de Documentació Montserrat Roig 2019-11-06 Donació CDMR19110001 2019-11-06 2019-11-06 Llibres electrònics

Implantat amb Koha